Letný útek na vidiek
Saved in:
| Main Author | |
|---|---|
| Other Authors | |
| Format | Electronic eBook |
| Language | Czech |
| Published |
Cosmopolis SK
2025
|
| Edition | 1. elektronické vydání |
| Subjects | |
| Online Access | Dostupné v BOOKPORT po přihlášení pomocí eduID |
| ISBN | 978-80-8305-152-2 978-80-8305-150-8 |
| Physical Description | 1 online zdroj (368 stran) |
Cover
| LEADER | 00000nam a2200000 i 4500 | ||
|---|---|---|---|
| 001 | bkp100404 | ||
| 003 | CZ-prgp | ||
| 005 | 20250908130749.0 | ||
| 006 | m o d | ||
| 007 | cr cn | ||
| 008 | 250908s2025 xr o 000 1 cze | ||
| 020 | |a 978-80-8305-152-2 |c 414 Kč |q (online ; epub) | ||
| 020 | |a 978-80-8305-150-8 |c 487 Kč |q (print) | ||
| 040 | |a Grada |b cze |e rda | ||
| 100 | 1 | |a Caplin, Julie | |
| 245 | 1 | 0 | |a Letný útek na vidiek |c Julie Caplin, Jules Wake |
| 250 | |a 1. elektronické vydání | ||
| 264 | 1 | |b Cosmopolis SK |c 2025 | |
| 300 | |a 1 online zdroj (368 stran) | ||
| 336 | |a text |b txt |2 rdacontent | ||
| 337 | |a počítač |b c |2 rdamedia | ||
| 338 | |a online zdroj |b cr |2 rdacarrier | ||
| 520 | 3 | |a Doprajte si malé letné potešenie a pri osviežujúcom nápoji sa vydajte na romantický vidiek. V tieni košatých starých stromov a uprostred rozkvitnutých lúk sa odohráva príbeh jednej veľkej lásky, ktorá sa dostala do slepej uličky. Ako to však v živote býva, niekedy stačí aj malá zmena, aby sa iskra vášne nanovo rozhorela. | |
| 650 | 0 | 4 | |a Beletrie |
| 650 | 0 | 4 | |a Milostné romány |
| 700 | 1 | |a Jules Wake | |
| 856 | 4 | 0 | |u https://www.bookport.cz/AccountSaml/SignIn/?idp=https://shibboleth.utb.cz/idp/shibboleth&returnUrl=/kniha/letny-utek-na-vidiek-15248/ |y Dostupné v BOOKPORT po přihlášení pomocí eduID |